Digital Filter Design /

Guardado en:
書目詳細資料
主要作者: Parks, T.W (autor)
其他作者: Burrus, C. Sidney (autor) (autor)
格式: 圖書
語言:英语
出版: Nueva York, EUA : Wiley, 1987, c1987
叢編:(Topics in Digital Signal Processing Series)
主題:
標簽: 添加標簽
沒有標簽, 成為第一個標記此記錄!

MARC

LEADER 00000nam^a2200000^a^4500
001 000165227
005 20250521000000.0
009 20260310101011.396
020 |a 0-471-82896-3 
037 |a Acervo ITESO - Biblioteca 
041 |a ING 
082 |a 621. 3815324  |b PAR 
100 |a Parks, T.W.  |e (autor) 
245 1 0 |a Digital Filter Design /  |c T.W. Park, C.S. Burrus. 
264 4 |a Nueva York, EUA :  |b Wiley,  |c 1987, c1987 
300 |a XV, 342 p. 
336 |a texto  |b txt  |2 rdacontenido 
337 |a sin mediación  |b n  |2 rdamedio 
338 |a volumen  |b nc  |2 rdasoporte 
440 1 |a (Topics in Digital Signal Processing Series) 
649 |a XX 
650 |a Filtros Digitales -  |x Diseño y Construcción 
650 |a Filtros Eléctricos -  |x Diseño y Construcción 
650 |a Electrónica Digital 
650 |a Ingeniería Electrónica 
700 |a Burrus, C. Sidney  |e (autor) 
910 |a Fondo General 
920 |a Impresos - Libros 
930 |a Colección General 
905 |a 101 
901 |a 0500099648  |b IT1  |c ACC  |u 20250521 
901 |a 0500099651  |b IT1  |c ACC  |u 20250521 
902 |a https://opac.biblio.iteso.mx/vufind/Record/000165227